000
00303nam a2200133Ia 4500
100
_a
Lebedev/N.N
942
_c
BK
654
_a
problems
245
_a
Worked problems in applied Mathematics
260
_b
Dover publications
_a
New York
_c
1965
082
_a
515
_b
LEB
300
_a
429
546
_a
ENGLISH
999
_c
30683
_d
30683